00534nam a22001697a 450000500170000001000150001702000260003203500140005803700130007208200120008510000160009724500560011326000470016927000780021630000200029450000500031420190522161938.0 aENG-125266 a9788182204829c900.00 aEN-108799 bDBAD/PUB a613.704 aSingh, N.K. aYoga and meditational psychotherapy /cby N.K.Singh aNew DelhibGlobal Vision Publishersc2013 aF-4, 1st Floor, Hari Sadan , 20 Ansari Road, DaryaganjbNew Delhie110002 a267p.c22cm(Hb) aIncludes bibliographical references and index